| 000 | 00962nam a2200277 i 4500 | ||
|---|---|---|---|
| 001 | 000029837 | ||
| 003 | DO-SdBNP | ||
| 005 | 20241014153200.0 | ||
| 007 | ta | ||
| 008 | 240506s1994 dr ad 000 0 spa d | ||
| 040 |
_aDO-SdBNP _bspa _cBNPHU _erda |
||
| 082 | 4 |
_aRD863.44 _bA867c _222 |
|
| 245 | 0 | 0 |
_aAthene : _bcuentos premiados del sur / _cFania Jeanette Herrera, Virgilio López Azuán, Julian Paula, Emilia Pereyra, Bernardo Bor |
| 264 | 4 |
_aSanto Domingo : _bEditora Secretaria de Estado de Educación Bellas Artes y Cultos _c1994. |
|
| 300 |
_a103 páginas : _cilustraciones, grafícos ; _c28 cm. |
||
| 336 |
_atexto _btxt _2rdacontent |
||
| 337 |
_asin mediación _bn _2rdamedia |
||
| 338 |
_avolumen _bnc _2rdacarrier |
||
| 590 | _aInventariado, 2024/ DG | ||
| 700 | 1 |
_956590 _aHerrera, Fania Jeanette |
|
| 700 | 1 |
_aLópez Azuán, Virgilio _986692 |
|
| 700 | 1 |
_aPaula, Julián _929746 |
|
| 700 | 1 | _4Pereyra, Emilia | |
| 910 | _aDG | ||
| 942 |
_2ddc _cLBS1 |
||
| 999 |
_c56606 _d56606 |
||